Statistiques concernant Divers expressions imagées de la langue française

Cliquez ici pour prendre le quiz!

Statistiques générales

  • Ce quiz a été pris 538 fois
  • Le résultat moyen est 53 sur 79

Statistiques - réponses

ExpressionRéponse% Correct
faire l'amour, s'envoyer en l'...air
97%
gaspiller : jeter l'argent par les ...fenêtres
97%
flash amoureux : avoir le coup de ...foudre
97%
demander l'impossible : décrocher la ...lune
96%
ne pas être dupe : n'être pas né de la dernière ...pluie
96%
chercher une ... dans une botte de foinaiguille
95%
hésiter : être assis entre deux ...chaises
95%
rapide comme l'...éclair
95%
c'est l'hôpital qui se moque de la ...charité
93%
situation inconfortable : être dans de beaux ...draps
93%
quasi certitude : mettre sa main au ...feu
93%
vivre d'amour et d'eau ...fraiche
93%
sage comme une ...image
93%
mettre les ... doublesbouchées
91%
enterrer la ... de guerrehache
91%
cela va de soi, cela coule de ...source
91%
nuit sans sommeil : nuit ...blanche
90%
le jeu n'en vaut pas la ...chandelle
90%
c'est très dur,c'est le parcours du ...combattant
90%
grand étonnement : tomber des ...nues
90%
c'est gagné, l'affaire est dans le ...sac
90%
ça ne compte pas, c'est pour du ...beurre
89%
couper l'... sous le piedherbe
89%
mourir : casser sa ...pipe
89%
mourir, passer l'arme à ...gauche
88%
j'en perds mon ... (langue morte)latin
88%
pas bien en forme, pas dans son ...assiette
87%
le revers de la ...médaille
87%
je n'en peux plus, je suis au bout du ...rouleau
86%
prendre la poudre d'...escampette
85%
aider quelqu'un à comprendre : éclairer sa ...lanterne
85%
s'en aller, mettre les ...voiles
84%
avoir de la chance, avoir le cul bordé de ...nouilles
82%
il est fâché : n'est pas à prendre avec des ...pincettes
82%
se faire opérer, passer sur le ...billard
80%
promettre ... et merveillesmonts
80%
je pars, je plie ...bagage
79%
paniquer : perdre les ...pédales
79%
l'affaire se présente bien, c'est de bon ...augure
78%
boire comme untrou
78%
découvrir la vérité, le pot aux ...roses
77%
se mettre d'accord, accorder ses ...violons
76%
je me suis fait roulé, je l'ai dans le ... (au (rhum)baba
74%
pleurer comme une ...madeleine
73%
entre le marteau et l'...enclume
71%
parler français comme une vache ...espagnole
70%
c'est trop dur, c'est la croix et la ...bannière
66%
manger à tous les ...rateliers
65%
sans le sou : fauché comme les ...blés
63%
l'arbre qui cache la ...foret
62%
ça se bouscule au ...portillon
59%
les chiens aboient, la ... passecaravane
56%
maigre comme unclou
55%
voici une bonne bouteille de derrière les ...fagots
54%
je m'en tamponne le ...coquillard
53%
menteur comme un (3 mots)arracheur de dents
52%
bavarder, tailler une ...bavette
51%
sans tambour ni ...trompette
48%
ruer dans les ...brancards
45%
exagérément, outre ...mesure
43%
convoler en justes ...noces
41%
de la poudre de ...perlimpinpin
41%
s'entendre comme ... en foirelarrons
40%
sauve qui peut, sauvons les ...meubles
40%
reporter aux calendes ...grecques
37%
avoir le pied ...marin
37%
tenir la ... (sucrerie) haute à quelqu'undragée
36%
grande vérité : parole d'...Evangile
32%
changer d'avis, virer sa ...cuti
29%
défaite cuisante : prendre une...veste
25%
faire sa toilette, faire ses ...ablutions
24%
boire le ... jusqu'à la liecalice
22%
ne rien faire : coincer la ...bulle
20%
obtus, borné : bouché à l'...émeri
20%
la substantifiquemoelle
20%
rire comme unbossu
16%
mener grande vie , une vie de ...patachon
10%
en faire toute une histoire, en faire un ...pataqués
9%
un train de ... (Luxembourg)sénateur
8%

Distribution des résultats

Percentile par nombre de réponses

% des personnes avec chaque résultat

Votre développement - résultats

Vous n’avez pas pris ce quiz